| 000 | 00381nam a2200157Ia 4500 | ||
|---|---|---|---|
| 005 | 20240807062537.0 | ||
| 008 | 240806s9999||||xx |||||||||||||| ||eng|| | ||
| 041 | _aeng | ||
| 082 |
_a911 _bKARR |
||
| 100 | _aMaheshwar Prasad Karan | ||
| 245 | 0 |
_aPolitical geography / _cMaheshwar Prasad Karan |
|
| 260 | _bKitab Ghar Kanpur | ||
| 300 | _a0 | ||
| 650 | _aGeography | ||
| 942 | _cBK | ||
| 999 |
_c22061 _d22061 |
||